| 000 | 01255nam a22002057a 4500 | ||
|---|---|---|---|
| 003 | BD-DhUL | ||
| 005 | 20211014142158.0 | ||
| 008 | 170220s2007 bg a|||| m||| 00| 0 ben d | ||
| 040 |
_aBD-DhUL _cBD-DhUL |
||
| 082 |
_a305.4 _bPHB |
||
| 100 | 1 | _aফেরদৌস, জাকিয়া | |
| 245 | 1 | 0 |
_aবাংলাদেশে গ্রামীণ নারীর ক্ষমতায়ন : _bদু'টি প্রতিষ্ঠানের উপর সমীক্ষা / _cজাকিয়া ফেরদৌস । _hঅভিসন্দর্ভ (এমফিল) । |
| 260 |
_aঢাকা : _bঢাকা বিশ্ববিদ্যালয়, _c২০০৭ । |
||
| 300 |
_a [১৫], ২৯০ পৃ. : _c২৮ সে. মি. । _bচিত্র ; |
||
| 500 | _a অভিসন্দর্ভ (এম.ফিল) -- সমাজ কল্যাণ ও গবেষণা ইন্সটিটিউট, ঢাকা বিশ্ববিদ্যালয়, শিক্ষাবর্ষ : ১৯৯৯-২০০০। । | ||
| 504 | _aগ্রন্থপজ্ঞি সম্বলিত । | ||
| 650 | 0 | _aনারী - রাজনীতি । | |
| 650 | 0 | _aWomen - Politics. | |
| 942 |
_2ddc _cREF |
||
| 999 |
_c158503 _d158503 |
||